| 000 | 01186nam a2200277 i 4500 | ||
|---|---|---|---|
| 001 | 46934 | ||
| 003 | ES-MaACL | ||
| 005 | 20250811055834.0 | ||
| 007 | t| | ||
| 008 | 910124s1980 sp l |||| | spa d | ||
| 020 | _a84-500-3562-7 | ||
| 080 | _a342(460)"1978" | ||
| 110 | 1 |
_aEspaña. _bCortes Generales. _93668 |
|
| 245 | 1 | 0 |
_aConstitución española : _btrabajos parlamentarios / _c[edición preparada por Fernando Sainz Moreno]. |
| 250 | _a4ª ed. | ||
| 260 |
_aMadrid : _bCortes Generales, _c1980. |
||
| 300 |
_a4 v. (5165 p.) ; _c25 cm. |
||
| 490 | 1 |
_aPublicaciones de las Cortes Generales. Serie I. Trabajos parlamentarios ; _v1 |
|
| 594 | _aTomado de Boletín Oficial de las Cortes ; Diario de Sesiones del Congreso de los Diputados ; Diario de Sesiones del Senado, año 1978 ; Boletín Oficial del Estado, 29 de diciembre de 1978 (texto en castellano, catalán, gallego, vasco) | ||
| 610 | 1 | 4 |
_aEspaña. _tConstitución, 1978 _93657 |
| 700 | 1 |
_aSainz Moreno, Fernando. _9101603 |
|
| 830 | 1 | 0 |
_aPublicaciones de las Cortes Generales. _pTrabajos parlamentarios _v1 _9230001 |
| 852 | 4 |
_aES-MaACL _jC-21820-23 |
|
| 942 | _2udc | ||
| 999 |
_c46934 _d46934 |
||